Strzelcy bramek w 26 kolejce Premier League w sezonie 20/21. - Statystyki

Ogólne statystyki
  • Ten quiz został rozwiązany 17 razy
  • Średni wynik to 11 z 18
Statystyki odpowiedzi
Mecz Piłkarz % Poprawnych
Tottenham - Burnley 2:0 Kane
100%
Manchester City - West Ham 2:1 Stones
88%
Manchester City - West Ham 1:1 Antonio
82%
Manchester City - West Ham 1:0 Dias
82%
Leicester - Arsenal 1:2 Lacazette
82%
Everton - Southampton 1:0 Richarlison
82%
Leicester - Arsenal 1:3 Pepe
71%
Tottenham - Burnley 1:0 Bale
65%
Tottenham - Burnley 4:0 Bale
65%
Tottenham - Burnley 3:0 Lucas
65%
Newcastle - Wolves 1:1 Neves
65%
Leicester - Arsenal 1:0 Tielemans
59%
Leeds - Aston Villa 0:1 El-Ghazi
47%
Sheffield United - Liverpool 0:1 Jones
47%
Leicester - Arsenal 1:1 Luiz
41%
West Brom - Brighton 1:0 Bartley
18%
Sheffield United - Liverpool 0:2 (bramka samobójcza) Bryan
18%
Newcastle - Wolves 1:0 Lascelles
18%
Nie znaleziono quizów pasujących do podanych kryteriów
Rozkład punktacji
Procent ludzi z każdym wynikiem
Percentyl według liczby udzielonych odpowiedzi
Twoja historia wyników
Nie rozwiązałeś tego quizu